| 000 | 01478nam a2200361 c 4500 | ||
|---|---|---|---|
| 999 |
_c23479 _d23479 |
||
| 003 | BLK | ||
| 005 | 20250719103053.0 | ||
| 008 | 180413b bul|||||r ||||||| ||bul|| | ||
| 010 | _aKNG00025957000 | ||
| 020 | _a954-585-086-8 | ||
| 040 | _aBLK | ||
| 041 |
_aBUL _cBUL |
||
| 080 |
_aАмериканска литература (на САЩ) _b821.111(73) _x-312.9 _z821.111(73)-312.9 |
||
| 100 | 1 |
_aДжордан, Робърт _eпърви автор _9254531 |
|
| 139 |
_aДжордан, Робърт _bД 52 |
||
| 245 | 1 | 0 |
_aКолелото на времето: Кн.8 _bРоман : Кн. 1 - _cРобърт Джордан; прев. от англ. Валерий Русинов. _nКн. 8 _pПътят на кинжала |
| 257 | _aUSA | ||
| 260 |
_c1998 - _fХасково : Полиграфюг |
||
| 300 | _c24 см | ||
| 380 | _aX | ||
| 500 | _aОриг. загл. Wheel of Time / Robert Jordan. - Речник. | ||
| 653 | _aфентъзи | ||
| 653 | _aромани | ||
| 700 | 1 |
_aРусинов, Валерий _eпрев. от англ. _9365206 |
|
| 760 | 1 |
_aДжордан, Робърт _dБард, 2000 _h608 с. _nОриг. загл. The Path of Daggers. _tКн. 8 Пътят на кинжала |
|
| 852 | _aЦб 198554 | ||
| 856 | 4 |
_qpdf _u |
|
| 856 | 4 |
_qpdf _u |
|
| 942 |
_cKNG _n0 _018 |
||
| 944 |
_aCR _c15.01.2003 _lНора Радева _k30545 |
||
| 944 |
_aED _c15.12.2017 _lф / _kЛюдмила_Стоянова |
||
| 999 | _d23479 | ||